000 00776nam a2200289Ia 4500
001 17296
003 IT-RoPAU
008 130308s9999 xx 000 0 und d
040 _aIT-RoPAU
040 _cIT-RoPAU
041 _aITALIANO
100 _aBenveniste Emile
100 _gCodice Aut. SPICS: 9326
245 _aStruttura in linguistica
245 _b"Usi e Significati del Termine ""Struttura""-Nelle Scienze Umane e Sociali"
250 _a3a ed.
260 _aMILANO
260 _bBompiani
260 _c1968 [1° Ed.:1966 - Ed.Ling.Originale:1962]
300 _a"9 p. (prefazione: no ; testo: 9 [pagine: 27-35])"
650 _aEPISTEMOLOGIA
650 _eCodice materia Spics: 3051
942 _cBK
957 _71
999 _c38863
_d38863
999 _bSI
999 _g1